Biodiversidad y sistemas de producción agrarios en zonas cafeteras y de colonización en el Guaviare : (Registro nro. 1730)

Detalles MARC
000 -CABECERA
Campo de control 01230nam a2200325 a 4500
005 - FECHA Y HORA DE LA ULTIMA TRANSACCION
Campo de control 20200104041524.0
008 - ELEMENTOS DE LONGITUD FIJA—INFORMACION GENERAL
Campo de control 140121b1998 ck ||||| |||| 00| 0 spa d
041 ## - IDIOMA
Código de idioma para texto/pista de sonido o título separado Español
044 ## - PAÍS DE PUBLICACIÓN
País de publicación Colombia
090 ## - CLASIFICACIÓN LOCAL
Colección IAvH
Consecutivo 00099
110 2# - ASIENTO PRINCIPAL--NOMBRE CORPORATIVO
Unidad subordinad Instituto de Investigación de Recursos Biológicos Alexander von Humboldt
245 10 - MENCION DE TITULO
Título Biodiversidad y sistemas de producción agrarios en zonas cafeteras y de colonización en el Guaviare :
Parte restante del título informe de avance 1
260 ## - PUBLICACION, DISTRIBUCION, ETC. (PIE DE IMPRENTA)
Lugar de publicación, distribución, etc. Bogotá :
Nombre del editor, distribuidor, etc. Instituto Alexander von Humboldt,
-- SINCHI,
Fecha de publicación, distribución, etc. 1998.
300 ## - DESCRIPCION FISICA
Extensión 112 p.
Dimensiones 28 cm.
650 #6 - ASIENTO SECUNDARIO DE MATERIA - TERMINO TEMATICO
Término temático o nombre geográfico como elemento de entrada Biodiversidad
650 #4 - ASIENTO SECUNDARIO DE MATERIA - TERMINO TEMATICO
Término temático o nombre geográfico como elemento de entrada Sistemas de producción
650 #6 - ASIENTO SECUNDARIO DE MATERIA - TERMINO TEMATICO
Término temático o nombre geográfico como elemento de entrada Zona cafetera
650 #6 - ASIENTO SECUNDARIO DE MATERIA - TERMINO TEMATICO
Término temático o nombre geográfico como elemento de entrada Vegetación
650 #6 - ASIENTO SECUNDARIO DE MATERIA - TERMINO TEMATICO
Término temático o nombre geográfico como elemento de entrada Agroecosistemas
650 #4 - ASIENTO SECUNDARIO DE MATERIA - TERMINO TEMATICO
Término temático o nombre geográfico como elemento de entrada Ecología del paisaje
650 #6 - ASIENTO SECUNDARIO DE MATERIA - TERMINO TEMATICO
Término temático o nombre geográfico como elemento de entrada Mamíferos
650 #4 - ASIENTO SECUNDARIO DE MATERIA - TERMINO TEMATICO
Término temático o nombre geográfico como elemento de entrada Fragmentación de bosques
650 #6 - ASIENTO SECUNDARIO DE MATERIA - TERMINO TEMATICO
Término temático o nombre geográfico como elemento de entrada Hormigas
650 #6 - ASIENTO SECUNDARIO DE MATERIA - TERMINO TEMATICO
Término temático o nombre geográfico como elemento de entrada Microorganismos
650 #6 - ASIENTO SECUNDARIO DE MATERIA - TERMINO TEMATICO
Término temático o nombre geográfico como elemento de entrada Suelos
662 ## - ASIENTO SECUNDARIO DE MATERIA - JERARQUIA DEL NOMBRE DE LUGAR(
País o entidad mayor Colombia
Jurisdicción política de primer orden Guaviare
710 2# - ASIENTO SECUNDARIO - NOMBRE CORPORATIVO
Nombre corporativo o de jurisdicción como elemento de entrada Instituto Amazónico de Investigaciones Científicas SINCHI
710 2# - ASIENTO SECUNDARIO - NOMBRE CORPORATIVO
Nombre corporativo o de jurisdicción como elemento de entrada Instituto Colombiano para el Desarrollo de la Ciencia y la Tecnología "Francisco José de Caldas"
942 ## - ELEMENTOS ADICIONALES (KOHA)
Tipo de ítem Informe Técnico
Sistema de clasificación Local
Existencias
Withdrawn status Lost status Sistema de Clasificación Damaged status No para préstamo Colección Inventariado Ubicación Permanente Ubicación actual Fecha de adquisición Fuente de Valor Total Checkouts Número topográfico Inventario / Código de Barras Date last seen Ejemplar Price effective from Tipo de material Public note
    Local     Humboldt Inventariado 2017 Bogotá Bogotá 02/12/1999 Franco, Ana María   IAvH-00099 004026 09/08/2024 Ej. 1 04/12/2012 Informe Técnico Vers. 1998
    Local     Humboldt Inventariado 2017 Bogotá Bogotá 04/05/2001 Samper, Cristián   IAvH-00099 003877 09/08/2024 Ej. 2 04/12/2012 Informe Técnico Vers. 2000
    Local     Humboldt Inventariado 2017 Bogotá Bogotá 16/07/2014     IAVH-00099 003878 09/08/2024 Ej. 3 16/07/2014 Informe Técnico Resumen ejecutivo
    Local     Humboldt   Bogotá Bogotá 02/12/1999 Franco, Ana María   IAvH-00099 030528 09/08/2024 Ej. 1 Vers. 1999 23/05/2024 Informe Técnico